000 00214nam a2200085Ia 4500
008 120527s9999 xx 000 0 und d
100 _aWyoming, H. Jackson
245 _aEconomy policy for the information
942 _cBK
999 _c27163
_d27163